Normal view
MARC view
- speaking - taeching
Entry Topical Term
001 - CONTROL NUMBER
- control field: 2019
003 - CONTROL NUMBER IDENTIFIER
- control field: JO-AjAnu
005 - DATE AND TIME OF LATEST TRANSACTION
- control field: 20230606070632.0
008 - FIXED-LENGTH DATA ELEMENTS
- fixed length control field: 230606|| aca||aabn | a|a d
040 ## - CATALOGING SOURCE
- Original cataloging agency: JO-AjAnu
- Transcribing agency: JO-AjAnu
150 ## - HEADING--TOPICAL TERM
- Topical term or geographic name entry element: speaking - taeching
670 ## - SOURCE DATA FOUND
- Source citation: Work cat.: (JO-AjAnu)1060: Naistadt, lvy, author 2018, SPEAK Without Fear